The Rozabal line / (Record no. 27279)

MARC details
000 -LEADER
fixed length control field 00713nam a22002057a 4500
005 - DATE AND TIME OF LATEST TRANSACTION
control field 20090606102719.0
008 - FIXED-LENGTH DATA ELEMENTS--GENERAL INFORMATION
fixed length control field 090606t xxu||||| |||| 00| 0 eng d
010 ## - LCCN (DPL NO)
LC control number ENG-93922
020 ## - INTERNATIONAL STANDARD BOOK NUMBER
International Standard Book Number 9788189975814
Terms of availability 250.00
035 ## - SYSTEM CONTROL NUMBER
System control number EN-77455
037 ## - SOURCE OF ACQUISITION
Source of stock number/acquisition DBAD / PUB
040 ## - CATALOGING SOURCE
Original cataloging agency dpl
Language of cataloging English
100 ## - MAIN ENTRY--PERSONAL NAME
Personal name Sanghi, Ashwin
245 ## - TITLE STATEMENT
Title The Rozabal line /
Statement of responsibility, etc by Ashwin Sanghi
260 ## - PUBLICATION, DISTRIBUTION, ETC. (IMPRINT)
Place of publication, distribution, etc New Delhi
Name of publisher, distributor, etc Westland
Date of publication, distribution, etc 2008
270 ## - ADDRESS
Address F-5, Okhla Industrial Area, Phase - I, Mezzanine Floor,
City New Delhi
Postal code 110020
300 ## - PHYSICAL DESCRIPTION
Extent 373p.
Dimensions 19cm(pbk)
942 ## - ADDED ENTRY ELEMENTS (KOHA)
Source of classification or shelving scheme Dewey Decimal Classification
Item type English Books
Call number suffix SAN
Holdings
Withdrawn status Lost status Source of classification or shelving scheme Damaged status Not for loan Home library Current library Date acquired Source of acquisition Cost, normal purchase price Total Checkouts Full call number Barcode Date last seen Copy number Cost, replacement price Koha item type
    Dewey Decimal Classification   Not For Loan D.B.Act.Division D.B.Act.Division 06/06/2009 DBAD / PUB 250.00   SAN EN-77455 06/06/2009 1 250.00 English Books

© Delhi Public Library
Hit Counter
free hit counter